| 000 | 00472nam a2200181Ia 4500 | ||
|---|---|---|---|
| 001 | 18171 | ||
| 008 | 140405s9999 xx 000 0 und d | ||
| 020 | _a0-582-28762-6 | ||
| 040 | _cPK-LaUMT | ||
| 082 |
_a 956.015 _bMAC-E |
||
| 100 | _aA. L. Macfie | ||
| 245 | 4 |
_aThe end of the ottoman empire 1908-1923 _cA. L. Macfie |
|
| 260 |
_aLondon,UK: _bLong man, _cNA |
||
| 300 | _a258 p. | ||
| 546 | _aEN | ||
| 650 | _aTurkey-history-Ottoman empire `1288-1918 | ||
| 942 | _cBK | ||
| 999 |
_c18567 _d18567 |
||